[Event "AUT-chT2W 1617"]
[Site "Austria"]
[Date "2016.11.26"]
[Round "5.6"]
[White "Anibas, Juergen"]
[Black "Kozissnik, Christian"]
[Result "1/2-1/2"]
[WhiteElo "2034"]
[BlackElo "1917"]
[PlyCount "97"]
[EventDate "2016.10.28"]
[EventType "team-tourn"]
[EventRounds "11"]
[EventCountry "AUT"]
[SourceTitle "CBM 177 Extra"]
[Source "ChessBase"]
[SourceDate "2017.04.27"]
[SourceVersion "1"]
[SourceVersionDate "2017.04.27"]
[SourceQuality "1"]
[WhiteTeam "Kufstein/Woergl"]
[BlackTeam "Bregenz II"]
[WhiteTeamCountry "AUT"]
[BlackTeamCountry "AUT"]

1. d4 e6 2. Nf3 c5 3. e3 Nf6 4. Bd3 Nc6 5. 0-0 d5 6. b3 cxd4 7. exd4 Bd6 8. Bb2 0-0 9. Nbd2 Qc7 10. a3 Re8 11. h3 h6 12. Re1 e5 13. dxe5 Nxe5 14. Nxe5 Bxe5 15. Bxe5 Rxe5 16. Rxe5 Qxe5 17. Nf3 Qh5 18. Nh2 Qxd1+ 19. Rxd1 Bd7 20. Nf3 Re8 21. Nd4 Ne4 22. Kf1 a6 23. f3 Nc5 24. Bf5 Ne6 25. Kf2 g6 26. Nxe6 Bxe6 27. Bd3 Kg7 28. f4 Kf6 29. Re1 Bd7 30. Rxe8 Bxe8 31. Ke3 Ke6 32. Kd4 Kd6 33. Be2 a5 34. Bf3 Bc6 35. b4 axb4 36. axb4 b5 37. h4 f6 38. Bg4 Bb7 39. c3 Bc6 40. g3 g5 41. fxg5 fxg5 42. hxg5 hxg5 43. Bf5 Bb7 44. Bh7 Bc6 45. Bg6 Bd7 46. Bh5 Bc6 47. Bf7 Bb7 48. Be8 Ba6 49. Bh5 1/2-1/2

[Event "AUT-chT2W 1617"]
[Site "Austria"]
[Date "2016.11.25"]
[Round "4.6"]
[White "Khachatouri, Saro"]
[Black "Anibas, Juergen"]
[Result "1/2-1/2"]
[WhiteElo "1842"]
[BlackElo "2034"]
[PlyCount "60"]
[EventDate "2016.10.28"]
[EventType "team-tourn"]
[EventRounds "11"]
[EventCountry "AUT"]
[SourceTitle "EXT 2018"]
[Source "ChessBase"]
[SourceDate "2017.10.13"]
[SourceVersion "1"]
[SourceVersionDate "2017.10.13"]
[SourceQuality "1"]
[WhiteTeam "Goetzis II"]
[BlackTeam "Kufstein/Woergl"]
[WhiteTeamCountry "AUT"]
[BlackTeamCountry "AUT"]

1. e4 e6 2. d3 d5 3. Nd2 Nf6 4. Ngf3 c5 5. g3 Nc6 6. Bg2 Be7 7. 0-0 dxe4 8. dxe4 e5 9. c3 0-0 10. Qe2 Qc7 11. Nc4 h6 12. Rd1 Be6 13. Nh4 Rfd8 14. Bd2 b5 15. Ne3 c4 16. Nef5 Bf8 17. Be3 Kh7 18. Qf3 Ng8 19. Bh3 g6 20. g4 g5 21. Ng2 Nge7 22. Ne1 Ng6 23. Bf1 Nf4 24. h4 Bxf5 25. exf5 Rxd1 26. Rxd1 Re8 27. Qe4 f6 28. Bxf4 gxf4 29. g5 hxg5 30. hxg5 fxg5 1/2-1/2

[Event "AUT-chT2W 1314"]
[Site "Austria"]
[Date "2014.01.19"]
[Round "8.5"]
[White "Scheffknecht, Philipp"]
[Black "Anibas, Juergen"]
[Result "0-1"]
[WhiteElo "2094"]
[BlackElo "1991"]
[PlyCount "46"]
[EventDate "2013.10.18"]
[EventType "team-tourn"]
[EventRounds "11"]
[EventCountry "AUT"]
[SourceTitle "EXT 2015"]
[Source "ChessBase"]
[SourceDate "2014.11.20"]
[SourceVersion "1"]
[SourceVersionDate "2014.11.20"]
[SourceQuality "1"]
[WhiteTeam "Dornbirn"]
[BlackTeam "Kufstein/Woergl"]
[WhiteTeamCountry "AUT"]
[BlackTeamCountry "AUT"]

1. Nf3 Nf6 2. c4 c6 3. g3 d5 4. Qc2 g6 5. Bg2 Bg7 6. 0-0 0-0 7. d3 dxc4 8. Qxc4 Be6 9. Qh4 Bg4 10. Nc3 Nbd7 11. Ng5 h6 12. Nge4 g5 13. Nxg5 hxg5 14. Bxg5 Ne5 15. Be4 Nxe4 16. Bxe7 Qd7 17. Nxe4 Bxe2 18. Nf6+ Bxf6 19. Qxf6 Nf3+ 20. Kg2 Qd5 21. Bxf8 Ne1+ 22. Kh3 Qh5+ 23. Qh4 Bg4# 0-1

[Event "AUT-chT2W 1314"]
[Site "Austria"]
[Date "2014.01.17"]
[Round "6.6"]
[White "Loeffler, Christoph"]
[Black "Anibas, Juergen"]
[Result "1/2-1/2"]
[WhiteElo "2168"]
[BlackElo "1991"]
[PlyCount "60"]
[EventDate "2013.10.18"]
[EventType "team-tourn"]
[EventRounds "11"]
[EventCountry "AUT"]
[SourceTitle "EXT 2015"]
[Source "ChessBase"]
[SourceDate "2014.11.20"]
[SourceVersion "1"]
[SourceVersionDate "2014.11.20"]
[SourceQuality "1"]
[WhiteTeam "ASK"]
[BlackTeam "Kufstein/Woergl"]
[WhiteTeamCountry "AUT"]
[BlackTeamCountry "AUT"]

1. e4 e6 2. d4 d5 3. e5 c5 4. Qg4 Nc6 5. Nf3 f5 6. Qg3 cxd4 7. Bd3 Qb6 8. a3 Nge7 9. 0-0 Bd7 10. b4 h6 11. h4 0-0-0 12. Bb2 a6 13. Nbd2 g5 14. hxg5 hxg5 15. Nxg5 Bh6 16. f4 Rdg8 17. Ndf3 Ng6 18. Rab1 Nxf4 19. Qxf4 Rxg5 20. Nxg5 Rg8 21. Rf3 Bxg5 22. Qh2 Be3+ 23. Kh1 Qc7 24. Rh3 f4 25. Rh8 Qd8 26. Rh5 Rg5 27. Rh8 Rg8 28. Rh5 Rg5 29. Rh8 Rg8 30. Rh5 Rg5 1/2-1/2

[Event "Plzen op 5th"]
[Site "Plzen"]
[Date "2013.11.30"]
[Round "7"]
[White "Anibas, Juergen"]
[Black "Eret, Jonas"]
[Result "1/2-1/2"]
[WhiteElo "1991"]
[BlackElo "1898"]
[PlyCount "92"]
[EventDate "2013.11.24"]
[EventType "swiss"]
[EventRounds "7"]
[EventCountry "CZE"]
[SourceTitle "CBM 157 Extra"]
[Source "ChessBase"]
[SourceDate "2013.12.19"]
[SourceVersion "1"]
[SourceVersionDate "2013.12.19"]
[SourceQuality "1"]

1. d4 e6 2. Nf3 d5 3. e3 Nf6 4. Bd3 Bd6 5. 0-0 Nbd7 6. b3 c6 7. Bb2 0-0 8. Nbd2 Qc7 9. c4 Qb8 10. Rc1 a5 11. a3 Re8 12. Qc2 h6 13. h3 Bf8 14. Ne5 Nxe5 15. dxe5 Nd7 16. f4 c5 17. Nf3 a4 18. Rf2 axb3 19. Qxb3 b5 20. Qxb5 Qxb5 21. cxb5 Nb6 22. Ra1 Bd7 23. Bf1 Na4 24. Bc1 Reb8 25. Rb1 Nc3 26. Rb3 Ne4 27. Ra2 c4 28. Rbb2 Nc3 29. Ra1 Rxb5 30. Rc2 Na4 31. Nd4 Rb7 32. e4 Bc5 33. Be3 Rb3 34. Kf2 Rxa3 35. Rxa3 Bxa3 36. f5 Bc5 37. Kf3 Bxd4 38. Bxd4 Rb8 39. exd5 exd5 40. Kf4 Rb1 41. Be2 Rb3 42. Bf3 Rd3 43. e6 fxe6 44. fxe6 Bxe6 45. Ke5 Bf7 46. Bxd5 Bxd5 1/2-1/2

[Event "Tirol-ch"]
[Site "Jenbach"]
[Date "2013.06.02"]
[Round "4"]
[White "Anibas, Juergen"]
[Black "Neuschmied, Siegfried"]
[Result "1-0"]
[WhiteElo "1943"]
[BlackElo "2237"]
[PlyCount "53"]
[EventDate "2013.05.30"]
[EventType "swiss"]
[EventRounds "7"]
[EventCountry "AUT"]
[SourceTitle "EXT 2015"]
[Source "ChessBase"]
[SourceDate "2014.11.20"]
[SourceVersion "1"]
[SourceVersionDate "2014.11.20"]
[SourceQuality "1"]

1. d4 Nf6 2. Nf3 c5 3. d5 b5 4. b3 Qa5+ 5. Bd2 Qb6 6. c4 g6 7. Bc3 Bg7 8. e4 b4 9. Bb2 d6 10. Bd3 0-0 11. 0-0 e5 12. dxe6 fxe6 13. e5 dxe5 14. Nxe5 Bb7 15. Qc2 Nc6 16. Nd2 Rad8 17. Ndf3 Ba8 18. Rae1 Qb7 19. h3 Nd4 20. Bxd4 Rxd4 21. Bxg6 hxg6 22. Qxg6 Rf4 23. h4 Rf5 24. Re3 Kh8 25. Rd1 Qe7 26. Qxf5 Qe8 27. Ng6+ 1-0

[Event "Caorle op"]
[Site "Caorle"]
[Date "1989.??.??"]
[Round "3"]
[White "Arandjelovic, Aleksandar Z"]
[Black "Anibas, Juergen"]
[Result "1-0"]
[WhiteElo "2000"]
[BlackElo "2000"]
[PlyCount "87"]
[EventDate "1989.07.??"]
[EventType "swiss"]
[EventRounds "8"]
[EventCountry "ITA"]
[SourceTitle "EXT 2000"]
[Source "ChessBase"]
[SourceDate "1999.11.16"]
[SourceVersion "1"]
[SourceVersionDate "1999.11.16"]
[SourceQuality "1"]

1. e4 e6 2. d4 d5 3. Nd2 Nf6 4. e5 Nfd7 5. Bd3 c5 6. c3 Nc6 7. Ne2 cxd4 8. cxd4 f6 9. exf6 Nxf6 10. Nf3 Bd6 11. 0-0 0-0 12. Nc3 Qe8 13. Re1 Nh5 14. Nxd5 Qf7 15. Ne3 Kh8 16. Nc4 Bc7 17. Qe2 Nf4 18. Bxf4 Qxf4 19. Qe4 Qh6 20. g3 Bd7 21. a3 Rxf3 22. Qxf3 Nxd4 23. Qe3 Qf6 24. f4 Bc6 25. Be4 b5 26. Bxc6 Nxc6 27. Qf3 bxc4 28. Qxc6 Bb6+ 29. Kh1 Rf8 30. Qxc4 Qxb2 31. Qxe6 Bf2 32. Qe7 Rg8 33. Qe2 Qb7+ 34. Qe4 Qb2 35. Rab1 Qxa3 36. Red1 Bb6 37. Rd5 Qa2 38. Rh5 h6 39. Rd1 Qf7 40. Re5 Qc7 41. Re7 Qc3 42. Rd6 Qc1+ 43. Kg2 Qd2+ 44. Rxd2 1-0